00599 2200229 4500001002100000005001700021008004100038035002500079040001200104082001200116090001500128100001900143245005900162250001100221260003600232300002200268650002500290850001200315990001200327990001200339990001800351YOGYA-0209000002285820150413171115.0 ind  a0010-020900000022858 aYOPDYOG a910.203 aRT 910.203 aDAMARJATI, R.S aIstilah-istilah dunia pariwisatacoleh, R.S. Damarjati aCet. 1 aJakartabPradnya Paramitac1973 avi, 90 hlmc21 cm aPariwisata - Istilah aYOPDYOG a28488-P a16503-A a15323-PD/A.06